ბათუმის შოთა რუსთაველის სახელმწიფო უნივერსიტეტის ბიბლიოთეკა

გრიგოლ რობაქიძე და თანამედროვე აზროვნება = Grigol Robakidze and contemporary thougtn / (ბიბ.ჩანაწერი № 50327)

000 -ლიდერი
ფიქსირებული სიგრძის საკონტროლო ველი 01930nam a2200301Ia 4500
001 - საკონტროლო ნომერი
საკონტროლო ველი 17268
003 - საკონტროლო ნომრის იდენტიფიკატორი
საკონტროლო ველი GE_BSU
005 - ბოლო ოპერაციის თარიღი და დრო
საკონტროლო ველი 20200210121315.0
008 - ფიქსირებული სიგრძის მონაცემთა ელემენტები - ზოგადი ინფორმაცია
ფიქსირებული სიგრძის საკონტროლო ველი 181216s2011ge xx |||||||||||||| ||geo||
020 ## - წიგნის საერთაშორისო სტანდარტული ნომერი
International Standard Book Number 9789941416835
040 ## - კატალოგიზაციის წყარო
Transcribing agency GE_BSU
041 ## - ენის კოდი
Language code of text/sound track or separate title geo
080 ## - უნივერსალური ათობითი კლასიფიკაციის ინდექსი
Universal Decimal Classification number 1+821.353.1(092რობაქიძე გრ) გ-75
245 ## - ცნობა სათაურის შესახებ
Title გრიგოლ რობაქიძე და თანამედროვე აზროვნება = Grigol Robakidze and contemporary thougtn /
Statement of responsibility, etc რედაქტორ-შემდგენლები : მამუკა თავხელიძე ; თენგიზ ირემაძე.
250 ## - გამოცემის ცნობა
Edition statement 1-ლი ქართული გამოც.
264 ## - წარმოების, გამოცემის, დისტრიბუციის და სხვა ცნობები
გამოცემის, წარმოების, დისტრიბუციის... ადგილი თბილისი :
გამოცემის, წარმოების, დისტრიბუციის... სახელწოდება ნეკერი,
გამოცემის, წარმოების, დისტრიბუციის... თარიღი 2011.
300 ## - ფიზიკური აღწერა
Extent 143 გვ;
Dimensions 14 სმ.
300 ## - ფიზიკური აღწერა
Other physical details ბიბლიოგრ. თავების ბოლოს და ტექსტ. შენიშვნ
500 ## - ზოგადი შენიშვნა
General note დანართი: გვ. 125-131
501 ## - შენიშვნა თანმხლებ მასალაზე
With note პირთა საძ.: გვ. 132-138. -
504 ## - BIBLIOGRAPHY, ETC. NOTE
Bibliography, etc ბიბლიოგრ. თავების ბოლოს და ტექსტ. შენიშვნ
653 ## - INDEX TERM--UNCONTROLLED
Uncontrolled term გრიგოლ რობაქიძე და თანამედროვე აზროვნება
653 ## - INDEX TERM--UNCONTROLLED
Uncontrolled term ფილოსოფია
700 ## - ADDED ENTRY--PERSONAL NAME
Personal name თავხელიძე, მამუკა
Relator term რედაქტორ-შემდგენელი
9 (RLIN) 6931
700 ## - ADDED ENTRY--PERSONAL NAME
Personal name ირემაძე, თენგიზ
Relator term რედაქტორ-შემდგენელი
9 (RLIN) 2229
710 ## - ADDED ENTRY--CORPORATE NAME
Relator term გრიგოლ რობაქიძის სახელობის უნივერსიტეტი. ფილოსოფიისა და სოციალურ მეცნიერებათა კვლევითი ინსტიტუტი
9 (RLIN) 6936
942 ## - ADDED ENTRY ELEMENTS (KOHA)
Koha item type წიგნი
Source of classification or shelving scheme
ეგზემპლარები
ჩამოწერის სტატუსი დაკარგული ეგზემპლარის სტატუსი კლასიფიკაციის წყარო ან თაროზე გაწყობის სქემა დაზიანების სტატუსი არ გაიცემა მუდმივი მდებარეობა (დაცვის ადგილი) ამჟამინდელი ადგილსამყოფელი თაროზე განთავსების ადგილი შეძენის თარიღი სრული შენახვის შიფრი შტრიხკოდი ბოლო ოპერაციის თარიღი ეგზემპლარის მიმდევრობითი ნომერი (კეტერი?) ფასის ძალაში შესვლის თარიღი ეგზემპლარის სახეობა
          ბათუმის შოთა რუსთაველის სახელმწიფო უნივერსიტეტის მთავარი ბიბლიოთეკა ბათუმის შოთა რუსთაველის სახელმწიფო უნივერსიტეტის მთავარი ბიბლიოთეკა წიგნსაცავი 2018-12-17 1+821.353.1(092რობაქიძე გრ) გ-75 45356 2018-12-17 45356 2018-12-17 წიგნი